000 02415cam a22001934a 4500
005 20250605164408.0
008 250528s ||||||||||||||||||||||||d
035 _a24902
020 _a9786185063320
040 _aGR-AtMCL
_bgre
_dGR-AtMCL
_eAACR2
245 1 _aΕισαγωγή στη Μακροοικονομικ΄ή Ανάλυση / Δεύτερη Έκδοση
260 _bΖυγός,
_c2018
300 _a650
520 _aΕισαγωγή, Βασικές Έννοιες και Στοιχεία των Εθνικών Λογαριασμών, Μια Πρώτη Περιήγηση του Πεδίου της Μακροοικονομικής Ανάλυσης, Από το Οικονομικό Κύκλωμα στους Εθνικούς Λογαριασμούς, Από τους Εθνικούς Λογαριασμούς στην Ισορροπία Εισροών και Εκροών, Η Σφαίρα της Πραγματικής Οικονομίας: Δύο Οπτικές Ισορροπίας, Το Υπόβαθρο των Θεωρητικών Μακροοικονομικών Υποδειγμάτων, Από την Πλευρά της Ζήτησης: Η Κευνσιανή Οπτική της ισορροπίας, Από την Πλευρά της Προσφοράς: Η Κλασσική Οπτική της Ισορροπίας, Η Χρηματοπιστωτική Πλευρά της Οικονομίας: Το Υπόδειγμα IS-LM, Η Ισορροπία στην Αγορά Χρήματος και Τίτλων, Η Αλληλεξάρτηση της Χρηματοπιστωτικής και της Πραγματικής Σφαίρας, Η Εσωτερική και Εξωτερική Ισορροπία: IS-LM-BP σε Ανοικτή Οικονομία, Από την Πλευρά της Συνολικής Προσφοράς: Το Υπόδειγμα AD-AS, Από την Αγορά Εργασίας στη Συνολική Προσφορά της Οικονομίας, Από τις Δύο Οπτικές Ισορροπίας στη Νεοκλασσική και Κευνσιανή Σύνθεση, Οι Αντικρουόμενοι Στόχοι Πολιτικής: Το Δίλημμα Πληθωρισμός και Ανεργία, Παραρτήματα, Βιβλιογραφία.
700 1 _aΣιδηρόπουλος Μωυσής Γ
_99656
942 _cBK
999 _c9737
_d9737